|
|
|
|
| LEADER |
01347nam a2200385Ia 4500 |
| 001 |
EBC459812 |
| 003 |
MiAaPQ |
| 005 |
20200520144314.0 |
| 006 |
m o d | |
| 007 |
cr cn||||||||| |
| 008 |
090319s2008 dcu sb 000 0 eng d |
| 010 |
|
|
|z 2009010795
|
| 020 |
|
|
|z 9780821376799
|
| 020 |
|
|
|z 0821376799
|
| 020 |
|
|
|z 9780821376812
|
| 020 |
|
|
|z 0821376810
|
| 035 |
|
|
|a (MiAaPQ)EBC459812
|
| 035 |
|
|
|a (Au-PeEL)EBL459812
|
| 035 |
|
|
|a (CaPaEBR)ebr10303335
|
| 035 |
|
|
|a (CaONFJC)MIL319648
|
| 035 |
|
|
|a (OCoLC)429042093
|
| 040 |
|
|
|a MiAaPQ
|c MiAaPQ
|d MiAaPQ
|
| 050 |
|
4 |
|a HG3881.5.W57
|b W69125 2008
|
| 245 |
0 |
4 |
|a The World Bank Group guarantee instruments 1990-2007
|h [electronic resource] :
|b an independent evaluation.
|
| 260 |
|
|
|a Washington DC :
|b World Bank,
|c 2008.
|
| 300 |
|
|
|a xxxiii, 115 p.
|
| 504 |
|
|
|a Includes bibliographical references.
|
| 533 |
|
|
|a Electronic reproduction. Ann Arbor, MI : ProQuest, 2015. Available via World Wide Web. Access may be limited to ProQuest affiliated libraries.
|
| 610 |
2 |
0 |
|a World Bank Group
|x Evaluation.
|
| 650 |
|
0 |
|a Surety and fidelity insurance.
|
| 650 |
|
0 |
|a Bank insurance.
|
| 655 |
|
4 |
|a Electronic books.
|
| 710 |
2 |
|
|a World Bank.
|
| 710 |
2 |
|
|a ProQuest (Firm)
|
| 856 |
4 |
0 |
|u https://ebookcentral.proquest.com/lib/matrademy/detail.action?docID=459812
|z Click to View
|